El niño de 1 a 4 años

Gespeichert in:
Bibliographische Detailangaben
1. Verfasser: Gesell, Arnold Lucius (VerfasserIn)
Format: Buch
Sprache:Spanisch
Veröffentlicht: Buenos Aires Paidós 1972
Schriftenreihe:Biblioteca del Educador Contemporáneo, 55
Schlagworte:
Tags: Tag hinzufügen
Keine Tags, Fügen Sie den ersten Tag hinzu!

MARC

LEADER 00000nam a2200000 a 4500
001 UCZ1543
003 CL-VaPUC
008 950824e19720000AG |||||||||||||||||spa|d
082 0 4 |a 155.4  |b GES  |2 21 
100 |a Gesell, Arnold Lucius  |e author  |9 488199 
245 1 3 |a El niño de 1 a 4 años 
300 |a 147 p 
942 |c BK 
945 |d 19950824 00:00:00  |a rbrito 
260 |a Buenos Aires  |b Paidós  |c 1972 
650 0 |a Psicología del niño  |9 307305 
650 0 |a Desarrollo individual   |9 307875 
650 0 |a Primera infancia   |9 342020 
583 |a last modification  |c 20130106 11:39:04  |k Rodrigo Vera 
490 0 |a Biblioteca del Educador Contemporáneo, 55 
999 |c 238280  |d 238278 
952 |0 0  |1 0  |4 0  |6 155_400000000000000_GES_1972  |7 0  |8 A  |9 248338  |a BIBEDU  |b BIBEDU  |d 2019-11-18  |i 3129020  |l 1  |o 155.4 GES 1972  |p 3129020  |r 2024-04-05  |s 2024-03-21  |w 2019-11-18  |y BK  |k EDU